Cock-a-doodle-doo! Barnyard Hullabaloo / (Record no. 7169)

MARC details
000 -LEADER
fixed length control field 00934nam a22002777a 4500
001 - CONTROL NUMBER
control field 7169
003 - CONTROL NUMBER IDENTIFIER
control field FISKH
005 - DATE AND TIME OF LATEST TRANSACTION
control field 20250826095108.0
008 - FIXED-LENGTH DATA ELEMENTS--GENERAL INFORMATION
fixed length control field 250701b cb ||||| |||| 00| 0 eng d
040 ## - CATALOGING SOURCE
Original cataloging agency FISKH
Language of cataloging eng
Transcribing agency FISKH
Modifying agency FISKH
050 ## - LIBRARY OF CONGRESS CALL NUMBER
Classification number PR6051.N44 C63
082 ## - DEWEY DECIMAL CLASSIFICATION NUMBER
Classification number 821.914
100 ## - MAIN ENTRY--PERSONAL NAME
Personal name Andreae, Giles
245 ## - TITLE STATEMENT
Title Cock-a-doodle-doo! Barnyard Hullabaloo /
Statement of responsibility, etc. Giles Andreae ; Illustratted by David Wojtowycz
250 ## - EDITION STATEMENT
Edition statement First Scholastic printing, October 2000
260 ## - PUBLICATION, DISTRIBUTION, ETC.
Place of publication, distribution, etc. New York :
Name of publisher, distributor, etc. Scholastic,
Date of publication, distribution, etc. 1999
300 ## - PHYSICAL DESCRIPTION
Extent 28 unnumbered pages :
Other physical details color illustrations ;
Dimensions 29 cm
505 ## - FORMATTED CONTENTS NOTE
Formatted contents note E<br/>
520 ## - SUMMARY, ETC.
Summary, etc. A collection of verses that introduce such farm animals as chickens, cows, pigs, and sheep.
521 8# - TARGET AUDIENCE NOTE
Target audience note 160<br/>
Source Lexile estimate<br/>
521 8# - TARGET AUDIENCE NOTE
Target audience note E<br/>
Source Raz-Plus<br/>
650 ## - SUBJECT ADDED ENTRY--TOPICAL TERM
Topical term or geographic name entry element Animal sounds
Form subdivision Farm animals
General subdivision Picture book
700 ## - ADDED ENTRY--PERSONAL NAME
Personal name Wpjtowycz, David
Relator term illustrator
942 ## - ADDED ENTRY ELEMENTS (KOHA)
Source of classification or shelving scheme Dewey Decimal Classification
Koha item type Books
Suppress in OPAC No
Holdings
Withdrawn status Lost status Source of classification or shelving scheme Damaged status Not for loan Collection Home library Current library Shelving location Date acquired Total Checkouts Full call number Barcode Date due Date last seen Date last checked out Copy number Price effective from Koha item type
    Dewey Decimal Classification     Juvenile Fiction Footprints International School Library Network Toul Kork Campus Footprints International School Library Network Toul Kork Campus TK Primary Library Room(4th Floor), Bookcase 7, Shelves 57-60, Dark Green Books 07/01/2025 1 AND 821.914 PR6051.N44 C63 FISBK05696 09/03/2025 08/20/2025 08/20/2025 1 07/01/2025 Books
    Dewey Decimal Classification     Juvenile Fiction Footprints International School Library Network Toul Tom Poung Campus Footprints International School Library Network Toul Tom Poung Campus TTP Primary Green Bookshelves 08/26/2025   AND 821.914 PR6051.N44 C63 FISTK02323   08/26/2025   2 08/26/2025 Books